|
|
|
|
| LEADER |
02512cam a2200685 a 4500 |
| 001 |
nkc20122356766 |
| 003 |
CZ PrNK |
| 005 |
20170127235011.0 |
| 007 |
ta |
| 008 |
120611s2012 xr e 001 0 cze d |
| 015 |
|
|
|a cnb002356766
|
| 020 |
|
|
|a 978-80-87587-01-0
|q (brož.)
|
| 035 |
|
|
|a (OCoLC)857951100
|
| 040 |
|
|
|a KLG001
|b cze
|d ABA001
|
| 041 |
1 |
|
|a cze
|h eng
|
| 072 |
|
7 |
|a 27-1/-2
|x Křesťanská teologie. Dogmatická teologie
|2 Konspekt
|9 5
|
| 080 |
|
|
|a 27-144.82
|2 MRF
|
| 080 |
|
|
|a 27-184
|2 MRF
|
| 080 |
|
|
|a 27-185.33
|2 MRF
|
| 080 |
|
|
|a 27-185.52
|2 MRF
|
| 080 |
|
|
|a 27-185.5
|2 MRF
|
| 080 |
|
|
|a 27-144.81-175.7
|2 MRF
|
| 080 |
|
|
|a 279.123-1
|2 MRF
|
| 080 |
|
|
|a 27-277.2
|2 MRF
|
| 080 |
|
|
|a (049)
|2 MRF
|
| 100 |
1 |
|
|a MacArthur, John,
|d 1939-2025
|7 uk2011668605
|4 aut
|
| 245 |
1 |
0 |
|a Víra, která jedná :
|b evangelium podle apoštolů /
|c John MacArthur ; předmuva Jaroslav Kernal ; [překlad ... Tomáš Kolman]
|
| 246 |
3 |
0 |
|a Evangelium podle apoštolů
|
| 250 |
|
|
|a 1. vyd.
|
| 260 |
|
|
|a Kroměříž :
|b Občanské sdružení Didasko,
|c c2012
|
| 300 |
|
|
|a 263 s. ;
|c 22 cm
|
| 500 |
|
|
|a Terminologický slovník
|
| 500 |
|
|
|a Přeloženo z angličtiny
|
| 504 |
|
|
|a Obsahuje bibliografické odkazy a rejstříky
|
| 650 |
0 |
7 |
|a křesťanská víra
|7 ph122113
|2 czenas
|
| 650 |
0 |
7 |
|a Bůh a člověk
|7 ph116953
|2 czenas
|
| 650 |
0 |
7 |
|a pokání
|7 ph124224
|2 czenas
|
| 650 |
0 |
7 |
|a ospravedlnění (náboženství)
|7 ph138462
|2 czenas
|
| 650 |
0 |
7 |
|a spása
|7 ph162849
|2 czenas
|
| 650 |
0 |
7 |
|a Boží království
|7 ph319041
|2 czenas
|
| 650 |
0 |
7 |
|a evangelikální teologie
|7 ph170450
|2 czenas
|
| 650 |
0 |
7 |
|a biblické citáty
|7 ph118853
|2 czenas
|
| 650 |
0 |
9 |
|a Christian faith
|2 eczenas
|
| 650 |
0 |
9 |
|a relations between God and man
|2 eczenas
|
| 650 |
0 |
9 |
|a repentance
|2 eczenas
|
| 650 |
0 |
9 |
|a justification (religion)
|2 eczenas
|
| 650 |
0 |
9 |
|a salvation
|2 eczenas
|
| 650 |
0 |
9 |
|a Kingdom of God
|2 eczenas
|
| 650 |
0 |
9 |
|a evangelical theology
|2 eczenas
|
| 650 |
0 |
9 |
|a Biblical quotations
|2 eczenas
|
| 655 |
|
7 |
|a pojednání
|7 fd133056
|2 czenas
|
| 655 |
|
9 |
|a essays
|2 eczenas
|
| 765 |
0 |
|
|t Faith works: the gospel according to the apostles
|9 Česky
|
| 856 |
4 |
1 |
|u http://www.digitalniknihovna.cz/mzk/uuid/uuid:b7e91d40-b2ed-11e6-88f6-005056827e52
|y Digitalizovaný dokument
|x NDK
|
| 910 |
2 |
|
|a BOA001
|b 2-1317.857
|
| 928 |
9 |
|
|a Didasko
|
| 990 |
|
|
|a BK
|
| 995 |
|
|
|a 01
|
| 991 |
|
|
|b 201401
|c NOV
|e n
|
| 996 |
6 |
|
|b 2610576778
|c 2-1317.857
|l MZK
|r Sklad / do 1 hodiny
|n 2
|p p.v.
|w 001394135
|u 000010
|a 1
|e BOA001
|j MZK50
|s P
|